000 00296nam a22001337a 4500
008 170331b xxu||||| |||| 00| 0 eng d
020 _a0721651291
041 _aeng
080 _a616-053.2
100 _a8
101 _ashm
245 _askeletal trauma in children
_cGREEN.N.E
942 _2udc
_cBK
999 _c9256
_d9256